| 000 | 00581nam a22001815i 4500 | ||
|---|---|---|---|
| 001 | 162980 | ||
| 003 | ES-MaACL | ||
| 005 | 20230906212636.0 | ||
| 008 | 940301m18881889sp |||| | spa d | ||
| 040 |
_aAS _bspa |
||
| 100 | 1 |
_aRatzel, Friedrich ( _d1844-1904) _9223772 |
|
| 245 | 1 | 4 |
_aLas razas humanas / _cobra escrita en alemán por Federico Ratzel. |
| 260 |
_aBarcelona : _bMontaner y Simón, _c1888-1889. |
||
| 300 |
_a2 v. : _bil. ; _c31 cm. |
||
| 752 |
_aEspaña - _dBarcelona |
||
| 852 |
_aES-MaACL _jB-1175 _z-- Enc. hol. _q-- Sólo t.I (672 p.) |
||
| 999 |
_c162980 _d162980 |
||